000 00859nam a22002897a 4500
003 CHAP
005 20220329135002.0
008 971013s1967 r 00010 d
010 _a29072
011 _a30044
035 _a34156
040 _cCHAP
082 _a519.3
_bM3Y 1967
100 0 0 _aMcKinsey, J. C. C.
_973655
245 _aIntroducción a la teoría matemática de los juegos
250 _a2 ed.
260 _aMadrid :
_bAguilar,
_c1967
300 _a372 p
590 _aBATCH-UPD
_b10
_c20130110
_lUCH01
_h2310
590 _aBATCH-UPD
_b10
_c20130410
_lUCH01
_h1602
590 _aBATCH-UPD
_b10
_c20130914
_lUCH01
_h1720
590 _aCONVERSION
_b10
_c20130109
_lUCH01
_h1317
650 1 4 _aJuegos, teoría de los.
_962279
901 _aBK
942 _cLIBRO
949 _a519.3 M3Y 1967
_bBC
_cLIBRO
_d33724000126223
_eLIBRO
_h34608
_i34156
_si
_t85.00
999 _c29072
_d29072